Score 0/16 Timer 06:00
1 Play Today
Author Any Novel... % Correct
Roald DahlThe Witches
91.7%
George OrwellComing Up for Air
86.8%
Jane AustenEmma
74.5%
Kurt VonnegutBreakfast of Champions
51.1%
James JoyceFinnegans Wake
50.6%
Toni MorrisonThe Bluest Eye
39.2%
Herman MelvilleBilly Budd
36.7%
Edith WhartonThe House of Mirth
34.3%
Author Any Novel... % Correct
Willa CatherDeath Comes for the Archbishop
33.5%
Margaret AtwoodOryx and Crake
29.7%
Hermann HesseSteppenwolf
25.2%
Daphne Du MaurierJamaica Inn
25.2%
Daniel DefoeMoll Flanders
24.4%
Vladimir NabokovPale Fire
23.8%
Thomas MannDoctor Faustus
22.6%
Barbara KingsolverProdigal Summer
13.6%
Remove Ads.
Support Sporcle.
Get the best of Sporcle when you Go Orange. This ad-free experience offers more features, more stats, and more fun while also helping to support Sporcle. Thank you for becoming a member.

You're not logged in!

Compare scores with friends on all Sporcle quizzes.
OR
Log In

Show Comments

Extras

Top Quizzes Today


Score Distribution

Your Account Isn't Verified!

In order to create a playlist on Sporcle, you need to verify the email address you used during registration. Go to your Sporcle Settings to finish the process.

Report this User

Report this user for behavior that violates our Community Guidelines.

Details: